Library Banner

World-class warehousing and material handling / (Record no. 108933)

MARC details
000 -LEADER
fixed length control field 00604cam a2200205 a 4500
001 - CONTROL NUMBER
control field 12448727
005 - DATE AND TIME OF LATEST TRANSACTION
control field 20181116100328.0
008 - FIXED-LENGTH DATA ELEMENTS--GENERAL INFORMATION
fixed length control field 010622s2001 nyua 001 0 eng
020 ## - INTERNATIONAL STANDARD BOOK NUMBER
International Standard Book Number 0070590370
040 ## - CATALOGING SOURCE
Transcribing agency PK-LaUMT
082 00 - DEWEY DECIMAL CLASSIFICATION NUMBER
Classification number 658.785
Edition number 21
Item number FRA-
100 1# - MAIN ENTRY--PERSONAL NAME
Personal name Frazelle, Edward
245 10 - TITLE STATEMENT
Title World-class warehousing and material handling /
Statement of responsibility, etc Edward Frazelle
260 ## - PUBLICATION, DISTRIBUTION, ETC. (IMPRINT)
Place of publication, distribution, etc New York :
Name of publisher, distributor, etc Tata McGraw-Hill Publishing Company,
Date of publication, distribution, etc 2002
300 ## - PHYSICAL DESCRIPTION
Extent ix, 242 p. :
Other physical details ill. ;
Dimensions 24 cm.
500 ## - GENERAL NOTE
General note Includes index.
650 #0 - SUBJECT ADDED ENTRY--TOPICAL TERM
Topical term or geographic name as entry element Warehouses
General subdivision Management.
650 #0 - SUBJECT ADDED ENTRY--TOPICAL TERM
Topical term or geographic name as entry element Materials handling.
942 ## - ADDED ENTRY ELEMENTS (KOHA)
Koha item type Books
Holdings
Withdrawn status Lost status Damaged status Home library Current library Date acquired Full call number Barcode Date last seen Price effective from Koha item type
      UMT Main Campus UMT Main Campus 2018-11-16 658.785 FRA- 125578 2018-11-16 2018-11-16 Books